Microbial Cell Factories (Запис № 460484)
[ простий вигляд ]
| 000 -LEADER | |
|---|---|
| fixed length control field | 01903nas a22003735i 4500 |
| 001 - CONTROL NUMBER | |
| control field | 1475-2859 |
| 003 - CONTROL NUMBER IDENTIFIER | |
| control field | DE-He213 |
| 005 - DATE AND TIME OF LATEST TRANSACTION | |
| control field | 20260304140527.0 |
| 007 - PHYSICAL DESCRIPTION FIXED FIELD--GENERAL INFORMATION | |
| fixed length control field | cr nn 008mamaa |
| 008 - FIXED-LENGTH DATA ELEMENTS--GENERAL INFORMATION | |
| fixed length control field | 150723s||||||||xxkuu poo|||||| b|EN |d |
| 022 ## - INTERNATIONAL STANDARD SERIAL NUMBER | |
| International Standard Serial Number | 1475-2859 |
| 024 7# - OTHER STANDARD IDENTIFIER | |
| Standard number or code | 12934 |
| Source of number or code | local |
| 210 10 - ABBREVIATED TITLE | |
| Abbreviated title | Microb Cell Fact |
| 245 10 - TITLE STATEMENT | |
| Title | Microbial Cell Factories |
| Medium | [electronic resource] / |
| Statement of responsibility, etc | edited by Grzegorz Wegrzyn. |
| 264 #1 - | |
| -- | London : |
| -- | BioMed Central : |
| -- | Imprint: BioMed Central. |
| 300 ## - PHYSICAL DESCRIPTION | |
| Other physical details | online resource. |
| 520 ## - SUMMARY, ETC. | |
| Summary, etc | Microbial Cell Factories is an open access peer-reviewed journal that covers any topic related to the development, use and investigation of microbial cells as producers of recombinant proteins and natural products, or as catalyzers of biological transformations of industrial interest. Microbial Cell Factories is the world leading, primary research journal fully focusing on Applied Microbiology. The journal is divided into the following editorial sections: Metabolic engineering Synthetic biology Whole-cell biocatalysis Microbial regulations Recombinant protein production/bioprocessing Production of natural compounds Systems biology of cell factories Microbial production processes Cell-free systems. |
| 650 #0 - SUBJECT ADDED ENTRY--TOPICAL TERM | |
| Topical term or geographic name as entry element | Industrial microbiology. |
| 650 #0 - SUBJECT ADDED ENTRY--TOPICAL TERM | |
| Topical term or geographic name as entry element | Biotechnology. |
| 650 #0 - SUBJECT ADDED ENTRY--TOPICAL TERM | |
| Topical term or geographic name as entry element | Microbiology. |
| 9 (RLIN) | 500 |
| 650 #0 - SUBJECT ADDED ENTRY--TOPICAL TERM | |
| Topical term or geographic name as entry element | Microbial genetics. |
| 650 #0 - SUBJECT ADDED ENTRY--TOPICAL TERM | |
| Topical term or geographic name as entry element | Enzymology. |
| 650 #0 - SUBJECT ADDED ENTRY--TOPICAL TERM | |
| Topical term or geographic name as entry element | Biotechnology. |
| 650 14 - SUBJECT ADDED ENTRY--TOPICAL TERM | |
| Topical term or geographic name as entry element | Industrial Microbiology. |
| 650 24 - SUBJECT ADDED ENTRY--TOPICAL TERM | |
| Topical term or geographic name as entry element | Biotechnology. |
| 650 24 - SUBJECT ADDED ENTRY--TOPICAL TERM | |
| Topical term or geographic name as entry element | Microbiology. |
| 9 (RLIN) | 500 |
| 650 24 - SUBJECT ADDED ENTRY--TOPICAL TERM | |
| Topical term or geographic name as entry element | Microbial Genetics. |
| 650 24 - SUBJECT ADDED ENTRY--TOPICAL TERM | |
| Topical term or geographic name as entry element | Enzymology. |
| 650 24 - SUBJECT ADDED ENTRY--TOPICAL TERM | |
| Topical term or geographic name as entry element | Chemical Bioengineering. |
| 700 1# - ADDED ENTRY--PERSONAL NAME | |
| Personal name | Wegrzyn, Grzegorz. |
| Relator term | editor. |
| Relator code | edt |
| -- | http://id.loc.gov/vocabulary/relators/edt |
| 9 (RLIN) | 23970 |
| 710 2# - ADDED ENTRY--CORPORATE NAME | |
| Corporate name or jurisdiction name as entry element | SpringerLink (Online service) |
| 856 40 - ELECTRONIC LOCATION AND ACCESS | |
| Uniform Resource Identifier | <a href="https://microbialcellfactories.biomedcentral.com/">https://microbialcellfactories.biomedcentral.com/</a> |
| Public note | Open Access |
Немає доступних примірників.